00936nam a22002657a 45000010005000000030006000050050017000110080041000280200018000690400029000870500021001160820012001371000020001492450081001692500029002502600037002793000060003165050008003765200134003845210023005185210020005416500036005616500036005977000037006339828FISKH20260303105034.0260303b cb ||||| |||| 00| 0 eng d a9781408358085 aFISKHbengcFISKHdFISKH aPR6051 .N44 .C66 a821.914 aAndreae , Giles aCommotion in the ocean /cBy Giles Anddreae : Illustrated by David Wojtowycz aFirst published in 1998  aLondon :bOrchard Book , c1998. a32 unnumbered pages : bcolor illustrations ;c30 cm .  aU  aA collection of silly verses about various creatures that live in the ocean, including crabs, swordfish, whales, and polar bears.8 a850 bLexile AD 8 aU bRaz-Plus  aSea creaturesvChildren's Books aOcean animalsvChildren's Books aWojtowycz , David eIllustrator